000 00769cam a22002534a 4500
001 12505673
005 20180216050653.0
008 010817s2002 mau b 001 0 eng
010 _a 2001045849
020 _a0321079787 (pbk.)
040 _aDLC
_cDLC
_dDLC
041 _aeng
042 _apcc
043 _an-us---
080 _a370..973 jer
082 0 0 _a370..973 jer
_221
100 1 _a48
101 _aedu
245 1 0 _aCurrent issues and trends in education /
_cJerry Aldridge, Renitta Goldman.
504 _aIncludes bibliographical references and index.
906 _a7
_bcbc
_corignew
_d1
_eocip
_f20
_gy-gencatlg
942 _2ddc
_cBK
999 _c42773
_d42773